000 01053cam a22003011a 4500
001 gs 59000169
003 DLC
005 20260227111408.0
008 790920s1959 dcuabf b f001 0 eng
010 _ags 59000169
035 _a(OCoLC)5393094
040 _aDLC
_cTxLT
_dDNAL
_dOCoLC
_dDLC
042 _apremarc
043 _an-us-ca
050 0 0 _aTC801
_b.U2 no. 1470
070 0 _a407
_bG29W no.1470
072 0 _aP200
082 _a551.490979412
100 1 _aEvenson, R. E.
245 1 0 _aGeology and ground-water features of the Eureka area, Humboldt County, California /
_cby R.E. Evenson ; prepared in cooperation with the California Dept. of Water Resources.
260 _aWashington, D.C. :
_bU.S. G.P.O.,
_c1959.
300 _aiv, 80 p., [2] folded leaves of plates :
_bill., maps ;
_c24 cm.
440 0 _aGeological Survey water-supply paper ;
_v1470
504 _aBibliography: p. 77.
500 _aIncludes index.
650 0 _aWater-supply
_zCalifornia
_zHumboldt County.
650 0 _aGroundwater
_zCalifornia
_zHumboldt County.
999 _c29345
_d29345